Super Rugby - Chiefs Region Map Quiz - Statistics

General Stats
  • This quiz has been taken 48 times
  • The average score is 5 of 6
Answers on the Map
Answers color-coded by a green-red scale on the quiz's map according to % correct below.
 
Answer Stats
Answer % Correct
Waikato
95%
Bay of Plenty
91%
Counties-Manukau
89%
Taranaki
89%
King-Country
64%
Thames Valley
57%
No matching quizzes found
Score Distribution
Percent of People with Each Score
Percentile by Number Answered
Your Score History
You have not taken this quiz